00334 2200145 4500001002100000005001500021035002000036245003200056100001800088300001200106260003600118082000800154084001400162990001200176INLIS00000000000237020250528112833 a0010-05250006621 aCinta Buta /cKahlil Gibran0 aKahlil Gibran a132 hlm aYogyakarta :bDiva Press,c2004 a813 a813 KAH c a0712653